Architektonická tvorba voľnočasových aktivít seminár : zborník vedeckých a odborných prác

Bibliographic Details
Corporate Author: Architektonická tvorba voľnočasových aktivít Bratislava, Slovensko (Author)
Format: Conference Proceeding Book
Language:Slovak
PhysicalDescription:81 s. ilustrácie, schémy 21x29 cm
Published: Bratislava Dom techniky ZSVTS 1992
ISBN:802330223X
Edition:1. vyd.
Subjects:

MARC

LEADER 00000cam a2200000 a 4500
001 vtls001067244
003 SK-MaSNL
005 20260301110844.0
008 231121s1992 xo a frn 10000 slo
015 |a SNBA1992/03 
020 |a 802330223X  |q (brožované) 
035 |a SNK000010074 
035 |a 36E5FBDF-3732-4A7B-B5E2-D5DD53FFC1A3 
035 |a urn:nbn:sk:snk-am00iett 
040 |a SNK  |b slo  |c SNK  |e AACR2 
041 0 |a slo 
044 |a xo  |c SK 
072 7 |a 72  |x Architektúra  |2 konspekt 
080 |a 72  |2 2011 
080 |a (082)  |2 2011 
111 2 |a Architektonická tvorba voľnočasových aktivít  |d (1992 :  |c Bratislava, Slovensko)  |4 aut  |9 449502 
245 1 0 |a Architektonická tvorba voľnočasových aktivít  |b seminár : zborník vedeckých a odborných prác  |c kolektív autorov 
250 |a 1. vyd. 
260 |a Bratislava  |b Dom techniky ZSVTS  |c 1992  |e Bratislava  |f Dom techniky ZSVTS 
300 |a 81 s.  |b ilustrácie, schémy  |c 21x29 cm 
504 |a Obsahuje bibliografické odkazy 
546 |a Text aj v češtine 
650 0 7 |a architektúra  |2 SNKPH  |9 722 
650 0 7 |a Architecture  |2 SNKPHeng  |9 266226 
655 7 |a zborníky  |2 SNKPH  |9 70165 
655 7 |a Papers of several authors  |2 SNKPHeng  |9 153738 
852 |a Slovenská národná knižnica 
919 |a 80-233-0223-X 
954 |a odborná, vedecká literatúra pôvodná (slovenská)  |2 lita 
958 |a NB 
958 |a OND 
958 |a EUIPO 
999 |c 704513  |d 706443 
952 |t P60, <03>, [BOOK], {603}  |a SNK  |b SNK  |y PREZ  |7 0  |p 17A0119545  |o snkSC 81063  |i snkKSP 1116/92  |0 0  |1 0  |4 0  |d 1998-01-23  |f 1  |l 0  |r 2004-12-31 00:00:00  |w 2026-02-23